<?xml version="1.0" encoding="UTF-8"?>
<collection xmlns="http://www.loc.gov/MARC21/slim">
  <record>
    <leader>00000nam  2200000   4500</leader>
    <controlfield tag="001">INLIS000000000046274</controlfield>
    <controlfield tag="005">20210628101619</controlfield>
    <datafield tag="035" ind1="#" ind2="#">
      <subfield code="a">0010-031500000000046</subfield>
    </datafield>
    <controlfield tag="008">210628################g##########0#ind##</controlfield>
    <datafield tag="020" ind1="#" ind2="#">
      <subfield code="a">978-602-8815-59-8</subfield>
    </datafield>
    <datafield tag="040" ind1="#" ind2="#">
      <subfield code="a">NBPDMAT</subfield>
    </datafield>
    <datafield tag="082" ind1="#" ind2="#">
      <subfield code="a">340.02</subfield>
    </datafield>
    <datafield tag="090" ind1="#" ind2="#">
      <subfield code="a">340.02</subfield>
      <subfield code="b">Per p</subfield>
    </datafield>
    <datafield tag="245" ind1="#" ind2="#">
      <subfield code="a">Peraturan Menteri Hukum dan Hak Asasi Manusia Republik Indonesia No.02 Thn 2013 tentang standardisasi pengelolaan teknis dokumentasi dan informasi hukum /</subfield>
      <subfield code="c">Editor, Theodik Simorangkir, S.H., M.H. [at al]</subfield>
    </datafield>
    <datafield tag="260" ind1="#" ind2="#">
      <subfield code="a">Jakarta. :</subfield>
      <subfield code="b">Badan Pembinaan Hukum Nasional,</subfield>
      <subfield code="c">2013</subfield>
    </datafield>
    <datafield tag="300" ind1="#" ind2="#">
      <subfield code="a">viii, 321 hlm. ;</subfield>
      <subfield code="c">21 x 15 cm.</subfield>
    </datafield>
    <datafield tag="700" ind1=" " ind2="#">
      <subfield code="a">Theodik Simorangkir</subfield>
    </datafield>
    <datafield tag="850" ind1="#" ind2="#">
      <subfield code="a">NBPDMAT</subfield>
    </datafield>
    <datafield tag="084" ind1="#" ind2="#">
      <subfield code="a">340.02 PER p</subfield>
    </datafield>
    <datafield tag="650" ind1="#" ind2="4">
      <subfield code="a">Hukum - Pedoman Teknis</subfield>
    </datafield>
    <datafield tag="990" ind1="#" ind2="#">
      <subfield code="a">31400038</subfield>
    </datafield>
  </record>
</collection>
